Biggest Cities in Auckland Region - Statistics

General Stats
  • This quiz has been taken 54 times
  • The average score is 8 of 21
Answer Stats
Population Settlement % Correct
1,467,800 Auckland
100%
24,300 Pukekohe
73%
5,320 Warkworth
66%
52,400 Hibiscus Coast
61%
3,150 Helensville
56%
9,660 Waiuku
54%
2,120 Wellsford
51%
8,680 Waiheke
49%
2,670 Kumeū - Huapai
44%
5,870 Beachlands - Pine Harbour
37%
3,540 Snells Beach
37%
990 Piha
34%
2,290 Maraetai
29%
1,330 Muriwai
27%
2,010 Riverhead
20%
1,150 Parakai
12%
1,370 Waimauku
12%
1,480 Clarks Beach
10%
980 Algies Bay
7%
1,170 Patumahoe
5%
1,010 Stillwater
5%
No matching quizzes found
Score Distribution
Percent of People with Each Score
Percentile by Number Answered
Your Score History
You have not taken this quiz